| 000 | 01523nam a22003615a 4500 | ||
|---|---|---|---|
| 003 | EG-ScBUE | ||
| 005 | 20211129102740.0 | ||
| 008 | 170710s2015 ua f 000 0aara d | ||
| 017 | _a2013 / 14760 (مج. 1) | ||
| 017 | _a2015 / 4545 (مج. 2) | ||
| 020 | _a9789770932636 (مج. 1) | ||
| 020 | _a9789770933428 (مج. 2) | ||
| 040 |
_aEG-ScBUE _bara _erda _cEG-ScBUE _dEG-ScBUE |
||
| 082 | 0 | 4 |
_a892.786 _bع ا ش _222 |
| 100 | 1 |
_aعاشور، رضوى، _d1946-2014، _eمؤلف. |
|
| 245 | 1 | 0 |
_aأثقل من رضوى : _bمقاطع من سيرة ذاتية / _cرضوى عاشور. |
| 250 | _aالطبعة الرابعة. | ||
| 264 | 1 |
_aالقاهرة : _bدار الشروق، _c2015. |
|
| 300 |
_a2 مجلد ؛ _c24 سم |
||
| 336 |
_2rdacontent _aنص _btxt |
||
| 337 |
_2rdamedia _aبدون وسيط _bn |
||
| 338 |
_2rdacarrier _aمجلد _bnc |
||
| 500 | _aكتاب الصرخة هو الجزء الثاني من كتاب "أثقل من رضوى" صدرت الطبعة الأولى عام 2015. | ||
| 505 | 0 | _aالمجلد الأول. أثقل من رضوى : مقاطع من سيرة ذاتية -- المجلد الثاني. الصرخة : مقاطع من سيرة ذاتية. | |
| 590 | _aدعاء | ||
| 600 | 1 | 7 |
_aعاشور، رضوى، _d1946-2014، _xمذكرات. _2BUEsh |
| 650 | 7 |
_aالأدباء المصريون _vتراجم. _2BUEsh _927913 |
|
| 650 | 7 |
_aالترجمة الذاتية. _2BUEsh |
|
| 651 | _2BUEsh | ||
| 653 |
_bGGEN _cJuly2017 |
||
| 655 |
_vReading book _934232 |
||
| 942 | _2ddc | ||
| 999 |
_c25014 _d24986 |
||